000 00453nam a2200181Ia 4500
001 14721
005 20260306164935.0
008 260306t1987||||xx |||||||||||||| ||spa||
041 _aESP
082 _a516.6
_bD61
100 _aDeskrép, C. L.
_eAUT
245 0 _aGeometría descriptiva:
_bcurso superior moderno
260 _c1987
300 _axiii, L1-17, 327 páginas :
_c24 cm.
650 _aGEN
654 _aCMA
942 _cLIB
_dJUS
_fJUS
_2ddc
_n
999 _c14721
_d14721